[Event "Mecklenburg VP-ch U25"]
[Site "Malchow"]
[Date "2009.02.09"]
[Round "5.4"]
[White "Hirsch, Danilo"]
[Black "Heiselbetz, Erik"]
[Result "1-0"]
[WhiteElo "1076"]
[BlackElo "796"]
[PlyCount "115"]
[EventDate "2009.02.08"]
[EventType "tourn"]
[EventRounds "6"]
[EventCountry "GER"]
[SourceTitle "EXT 2022"]
[Source "ChessBase"]
[SourceDate "2021.10.06"]
[SourceVersion "1"]
[SourceVersionDate "2021.10.06"]
[SourceQuality "1"]

1. e4 e5 2. Nf3 Nc6 3. Bc4 Nf6 4. d3 Bc5 5. Bg5 0-0 6. 0-0 h6 7. Bh4 Nd4 8. Nxd4 Bxd4 9. c3 Bb6 10. d4 d6 11. h3 g5 12. Bg3 Nxe4 13. Qd3 Bf5 14. Bd5 Nxg3 15. Qxg3 exd4 16. cxd4 Bxd4 17. Nc3 Qe7 18. Rfe1 Be5 19. f4 Bd4+ 20. Kh1 Qf6 21. Ne4 Qg7 22. fxg5 hxg5 23. Nxg5 Bxb2 24. Rab1 Rfe8 25. Bxf7+ Kf8 26. Bxe8 Rxe8 27. Rxe8+ Kxe8 28. Rf1 Bg6 29. Qe3+ Be5 30. Qxa7 b5 31. Qb8+ Ke7 32. Qxc7+ Ke8 33. Qc6+ Ke7 34. Re1 Be8 35. Qc7+ Bd7 36. Nf3 Ke6 37. Nxe5 dxe5 38. Qb6+ Ke7 39. Rd1 e4 40. Qc5+ Kd8 41. Qxb5 e3 42. Kg1 Qf7 43. Rxd7+ Qxd7 44. Qxd7+ Kxd7 45. Kf1 Kc6 46. Ke2 Kb5 47. Kxe3 Ka4 48. g4 Ka3 49. g5 Kxa2 50. g6 Kb3 51. g7 Ka2 52. g8Q+ Kb2 53. h4 Kc2 54. Qc4+ Kb2 55. Kd3 Kb1 56. Qb3+ Ka1 57. Qb8 Ka2 58. Kc3 1-0

[Event "Mecklenburg VP-ch U25"]
[Site "Malchow"]
[Date "2009.02.08"]
[Round "2.2"]
[White "Hirsch, Danilo"]
[Black "Jaehn, Justin"]
[Result "0-1"]
[WhiteElo "1076"]
[BlackElo "1593"]
[PlyCount "100"]
[EventDate "2009.02.08"]
[EventType "tourn"]
[EventRounds "6"]
[EventCountry "GER"]
[SourceTitle "EXT 2022"]
[Source "ChessBase"]
[SourceDate "2021.10.06"]
[SourceVersion "1"]
[SourceVersionDate "2021.10.06"]
[SourceQuality "1"]

1. e4 c5 2. Nf3 e6 3. d4 cxd4 4. Nxd4 a6 5. c4 Be7 6. Nc3 b6 7. b3 Bb7 8. Bd3 Nc6 9. Nxc6 dxc6 10. 0-0 Nf6 11. Bb2 Qc7 12. Qf3 c5 13. Rfe1 Nd7 14. Rad1 0-0 15. Qh3 Ne5 16. Bf1 Rad8 17. Qg3 Rxd1 18. Nxd1 Bd6 19. Qh3 Ng6 20. g3 Be5 21. Qg2 Rd8 22. Qf3 Bxb2 23. Nxb2 Qe5 24. Nd3 Qd4 25. Qe3 e5 26. Qxd4 exd4 27. Bh3 Re8 28. Bg2 f6 29. f3 Kf7 30. Bh3 Ne5 31. Nxe5+ Rxe5 32. Bg2 Re7 33. Kf2 h5 34. h3 g5 35. g4 hxg4 36. hxg4 Ke6 37. Rh1 Ke5 38. Ke2 Kf4 39. Kd3 Kg3 40. Bh3 Kxf3 41. Rf1+ Kg3 42. Rxf6 Kxh3 43. Rxb6 Kxg4 44. Rf6 Bxe4+ 45. Kd2 Bb7 46. Rf1 Bc8 47. Rg1+ Kf5 48. Rg2 g4 49. Rf2+ Kg5 50. Rf8 Bf5 0-1